Sports Quiz

Random Sports or City Quiz

E - Less Baseball Teams Quiz Stats

 Plays Quiz not verified by Sporcle

Challenge
Share
Tweet
Embed
Score 0/11 Timer 01:00
0 Plays Today
% Correct
Giants
82.1%
Rays
81%
Cubs
77.4%
Diamondbacks
76.2%
Cardinals
65.5%
Twins
65.5%
Astros
65.5%
Indians
64.3%
Nationals
60.7%
Royals
54.8%
Marlins
15.5%

You're not logged in!

Compare scores with friends on all Sporcle quizzes.
Join for Free
OR
Log In

You Might Also Like...

Show Comments

Extras

Top Quizzes Today


Score Distribution

Your Account Isn't Verified!

In order to create a playlist on Sporcle, you need to verify the email address you used during registration. Go to your Sporcle Settings to finish the process.

Report this User

Report this user for behavior that violates our Community Guidelines.

Details: